| 000 | 00832nam a22001937a 4500 | ||
|---|---|---|---|
| 003 | OSt | ||
| 005 | 20251216142044.0 | ||
| 008 | 251216b |||||||| |||| 00| 0 eng d | ||
| 040 | _cDCL | ||
| 082 | _a၂၉၄.၃၈၂၄၇ | ||
| 100 | 0 |
_aဇနကာဘိဝံသ၊ _cအရှင်။ |
|
| 245 | 1 | 0 |
_aအခြေပြုပဋ္ဌာန်း တရားတော် / _cအရှင်ဇနကာဘိဝံသ။ |
| 250 | _aဆဋ္ဌမအကြိမ်။ | ||
| 260 |
_aအမရပူရ ၊ _bမဟာဂန္ဓာရုံစာပေ၊ _c၂၀၀၆။ |
||
| 300 |
_aငါ၊ ၅၅၃ စာမျက်နှာ ၊ _c၂၀ စင်တီ။ |
||
| 650 | _aပဋ္ဌာန်း | ||
| 650 |
_aဗုဒ္ဓဘာသာ _xတရားတော်။ |
||
| 942 |
_2ddc _cSHORT TERM _n0 |
||
| 999 |
_c2734 _d2734 |
||